| 000 | 00000nam##2200000za#4500 |
| 001 | 9.604860 |
| 003 | CaOODSP |
| 005 | 20210624211824 |
| 007 | cr ||||||||||| |
| 008 | 150406|2009||||xxc|||||o f|0| 0 fre|d |
| 040 | |aCaOODSP|bfre |
| 043 | |an-cn--- |
| 086 | 1 |aFo29-47/37-2009F-PDF |
| 110 | 1 |aCanada.|bRessources naturelles Canada. |bService canadien des forêts. |
| 245 | 10|aDéterminer l'année de la mort et la nature de la récupération des peuplements au moyen d'une analyse des séries chronologiques des données télédétectées|h[ressource électronique]|c[par] Nicholas R. Goodwin ... [et al.]. |
| 260 | |aVictoria - Colombie Britannique : |bRessources naturelles Canada. |c2009. |
| 300 | |a4p.|bfigures, références |
| 490 | 1 |aNotes de transfert technologique|vN° 37, février 2009 |
| 500 | |aLe n° de catalogue et l'ISSN de l'édition imprimée apparaissent dans cette version électronique. |
| 590 | |a12-41-Supp|b2012-11-07 |
| 720 | 1 |aGoodwin, Nicholas R. |
| 775 | 08|tDetermining year of death and nature of stand recovery using a time series analysis of remotely sensed data|w(CaOODSP)9.575319 |
| 830 | #0|aNotes de transfert technologique ;|vN° 37, février 2009|w(CaOODSP)9.501177 |
| 856 | 40|ahttp://publications.gc.ca|qPDF|s386 Ko|uhttps://publications.gc.ca/collections/collection_2012/rncan-nrcan/Fo29-47-37-2009-fra.pdf|yN° 37, février 2009 |